| 000 | 00656nam a22002417a 4500 | ||
|---|---|---|---|
| 001 | 58952 | ||
| 003 | UA-OsUOA | ||
| 005 | 20211221102323.0 | ||
| 007 | ta | ||
| 008 | 20090304b un ||||| |||| 00| 0 ukr d | ||
| 020 | _a966022074Х | ||
| 040 |
_aUA-OsUOA _bukr _cUA-OsUOA _dUA-OsUOA |
||
| 041 | _aukr | ||
| 080 | _a031(477) | ||
| 090 |
_a031(477) _bЕ64 |
||
| 245 |
_aЕнциклопедія Сучасної України _cО. М. Романів, І. Ф. Курас, О. В. Мишанич |
||
| 260 |
_aК. _c2006 |
||
| 300 | _a727 с. | ||
| 505 | _gТ. 6 | ||
| 650 | 7 |
_a0 Загальний відділ. _2UDC |
|
| 942 |
_cBK _2udc |
||
| 955 | _a7 | ||
| 999 |
_c345042 _d345042 |
||